Complete the Movie Title (2018) - Statistics

General Stats
  • This quiz has been taken 473 times
  • The average score is 16 of 25
Answer Stats
Hint Answer % Correct
Jurassic World: Fallen _____ Kingdom
92%
Call Me by Your ______ Name
90%
Avengers: Infinity _____ War
90%
Ant-Man and the _____ Wasp
89%
Crazy Rich _____ Asians
88%
Peter _____ Rabbit
86%
Sherlock _____ Gnomes
82%
Three _____ Outside Ebbing, Missouri Billboards
71%
The _____ Who Dumped Me Spy
70%
A _____ in Time Wrinkle
70%
Three Identical _____ Strangers
69%
Forever My _____ Girl
68%
Isle of _____ Dogs
67%
The House with a _____ in Its Walls Clock
62%
_____ Night Game
61%
Life of the _____ Party
55%
Maze Runner: The Death _____ Cure
50%
A Simple _____ Favor
50%
Won’t You Be My _____? Neighbor
49%
The _____ and the Four Realms Nutcracker
47%
Instant _____ Family
46%
The _____ Season Miracle
42%
Phantom _____ Thread
39%
Insidious: The Last _____ Key
35%
The Old Man & the _____ Gun
29%
No matching quizzes found
Score Distribution
Percent of People with Each Score
Percentile by Number Answered
Your Score History
You have not taken this quiz